000 01122nam a2200265 a 4500
999 _c1551
_d1551
007 ta
008 740306s1974 xxk g i100 0 eng d
020 _a9280100211
040 _aKO
_beng
041 0 _aengfrerusspa
044 _axxk
082 0 0 _223
_a623.8884
_bIn821/C
111 2 _aInternational Conference on Revision of the International Regulations for Preventing Collisions at Sea
_d(1972 :
_cLondon, England)
245 0 0 _aFinal act of the Conference with attachments, including the text of the adopted Convention = Acte final de la Conférence avec documents joints comprenant le texte de la Convention adoptée.
260 _aLondon :
_bInter-governmental Maritime Consultative Organization,
_c1974
300 _a128 p. ;
_c25 cm.
500 _aEnglish and French; text of Final act also in Russian and Spanish.
650 0 _aCollisions at sea.
710 2 _aIntergovernmental Maritime Consultative Organization.
730 0 2 _aInternational Regulations for Preventing Collisions at Sea
_d(1972).
_lEnglish & French.
_f1973.
904 _aRUDRA_R
905 _aR_RANJAN
942 _2ddc
_cBK